Регионална библиотека "Любен Каравелов" - Русе

Comunicative Language Testing (Запис номер 37072)

MARC детайли
000 -Лидер
Контролно поле с фиксирана дължина 00796nam a2200265 c 4500
003 - Код на организацията, давaща контролен номер
Контролно поле BLK
005 - Дата и час на последна редакция
Контролно поле 20180420220949.0
008 - Елементи от данни с фиксирана дължина
fixed length control field 180408b bul|||||r ||||||| ||bul||
010 ## - Наследен системен номер
LC control number KNG00040194000
020 ## - Международен стандартен номер на книга ISBN
Международен стандартен номер на книга ISBN 0-13-155284-8
-- издат.: Prentice Hall
040 ## - Източник на каталожния запис
Идентификатор на билиотеката - собственик на записа BLK
041 ## - Код за език
Код за езика на текст/звукозапис или на отделно заглавие Английски
Код за езика КДБФ Английски
080 ## - УДК
Текстов определител УДК Английски език
УДК код - определител по УДК 811.111
УДК определител (072)
УДК - код + определител 811.111(072)
100 1# - Редна дума - Автор
Автор Weir, Cyril J.
Авторска отговорност първи автор
R(LIN) 27830
139 ## - Редно поле
Редна дума Weir, Cyril J.
Авторски знак
245 10 - Сведения за заглавието
Заглавие Comunicative Language Testing
Редно поле (дума) Cyril J. Weir.
260 ## - Област на издателските данни
-- New York et al.
Име на издателя, разпространителя и проч. Prentice Hall
Година на издаване 1990
300 ## - Физическа характеристика
Страници X c., 218 c.
Размери/Мащаб 23 cm
490 1# - СЕРИИ (Колекции)
Име на серия Language Teaching Methodology Series
852 ## - Местоположение
Форматна сигнатура Цб 169897
856 4# - Електронен адрес и достъп
Електронен формат pdf - файл
Път до файла /url/
856 4# - Електронен адрес и достъп
Електронен формат pdf - файл
Път до файла /url/
942 ## - АРТИКУЛИ
Вид на библиотечния материал Книги
Скрит в OPAC Не
944 ## - СЪЗДАВАНЕ И РЕДАКЦИЯ на ЗАПИСА
Създаване/Редакция Създаване
Дата на регистрацията/редакция 15.01.2003
Служител, извършил регистрацията/редакцията AB_DOS
944 ## - СЪЗДАВАНЕ И РЕДАКЦИЯ на ЗАПИСА
Създаване/Редакция Редакция
Дата на регистрацията/редакция 15.01.2003
Служител, извършил регистрацията/редакцията
999 ## - СИСТЕМНИ КОНТРОЛНИ НОМЕРА
Koha biblionumber 37072
Koha biblioitemnumber 37072
Наличности
Код за отписване Код за изгубен артикул Код за повреда Коз за рестрикции Код за отдаване Артикулен № Име на библиотеката - собственик Име на библиотеката, в която се намира в момента Статус (Текущо местоположение) Дата на вписване в системата Местоположение - отдел Цена в лева Инвентарен номер Систематично азбучна сигнатура Баркод Номер на екземпляра Цена в евро Служебна бележка Служебен тип на артикула
  Не е изгубен Не е повреден без рестрикции заемане за дома 58258 Регионална библиотека "Любен Каравелов" Русе Регионална библиотека "Любен Каравелов" Русе ЧЧЗО - англ. ез. - Британски съвет 2001-01-01 ЧЧЗО - англ. ез. - Британски съвет 0.00 572179 Ч3 802.0/W 46 572179 1 0.00 Дата инв: 18.03.2015 Бележки инв: Ч32015 Книги
  Не е изгубен Не е повреден без рестрикции заемане за дома 58259 Регионална библиотека "Любен Каравелов" Русе Регионална библиотека "Любен Каравелов" Русе ЧЧЗО - англ. ез. - Британски съвет 2001-01-01 ЧЧЗО - англ. ез. - Британски съвет 0.00 572180 Ч3 802.0/W 46 572180 2 0.00 Дата инв: 18.03.2015 Бележки инв: Ч32015 Книги
Vip Innovations Ltd, Rousse, Bulgaria 2025